|
|
|
|
| LEADER |
00992nam a2200265 a 4500 |
| 001 |
852789 |
| 008 |
100125s1979 enk b 001 0 eng d |
| 010 |
|
|
|a 78306005
|
| 020 |
|
|
|a 0091292018
|
| 020 |
|
|
|a 009129200X :
|c £8.95
|
| 040 |
|
|
|a DLC
|c DLC
|d DLC
|d DB-DhAAL
|
| 082 |
0 |
0 |
|a 300/.1
|
| 100 |
1 |
|
|a Giddens, Anthony.
|
| 245 |
1 |
0 |
|a Studies in social and political theory /
|c Anthony Giddens.
|
| 260 |
|
|
|a London :
|b Hutchinson of London,
|c 1979.
|
| 300 |
|
|
|a 416 p. ;
|c 23 cm.
|
| 504 |
|
|
|a Includes bibliographical references and index.
|
| 541 |
1 |
|
|e 00000194
|
| 650 |
|
0 |
|a Social sciences
|x Methodology
|x History.
|
| 650 |
|
0 |
|a Sociology
|x Methodology
|x History.
|
| 650 |
|
0 |
|a Sociology
|z Germany
|x History.
|
| 650 |
|
0 |
|a Sociology
|z United States.
|
| 852 |
4 |
|
|a Ayesha Abed Library
|j General Shelf.
|
| 999 |
|
|
|c 7156
|d 7156
|
| 952 |
|
|
|0 0
|1 0
|2 ddc
|4 0
|6 300_100000000000000_GID_1979
|7 0
|9 7439
|a BRACUL
|b BRACUL
|c GEN
|d 2010-01-25
|g 495.00
|l 3
|m 11
|o 300.1 GID
|p 3010000194
|r 2022-06-27
|s 2022-06-18
|t 1
|w 2010-01-25
|y BK
|